Neuroscience : (Record no. 127084)

MARC details
000 -LEADER
campo de control de longitud fija 01133nam a22002537a 4500
003 - IDENTIFICADOR DE NÚMERO DE CONTROL
campo de control BJBSDDR
005 - FECHA Y HORA DE LA ÚLTIMA TRANSACCIÓN
campo de control 20260513181913.0
006 - CÓDIGOS DE INFORMACIÓN DE LONGITUD FIJA--CARACTERÍSTICAS DEL MATERIAL ADICIONAL
campo de control de longitud fija a|||||r|||| 00| 0
007 - CAMPO FIJO DE DESCRIPCIÓN FÍSICA--INFORMACIÓN GENERAL
campo de control de longitud fija ta
008 - DATOS DE LONGITUD FIJA--INFORMACIÓN GENERAL
campo de control de longitud fija 260513s2016 nyu|||||r|||| 00| 0 eng d
020 ## - NÚMERO INTERNACIONAL ESTÁNDAR DEL LIBRO
Número Internacional Estándar del Libro 9781284211283
040 ## - FUENTE DE CATALOGACIÓN
Lengua de catalogación spa
Centro/agencia transcriptor BJBSDDR
041 ## - CÓDIGO DE IDIOMA
Código de lengua del texto/banda sonora o título independiente eng
050 ## - SIGNATURA TOPOGRÁFICA DE LA BIBLIOTECA DEL CONGRESO
Número de ítem B368n 2016
100 1# - ENTRADA PRINCIPAL--NOMBRE DE PERSONA
Nombre de persona Bear, Mark F.
9 (RLIN) 48427
245 10 - MENCIÓN DEL TÍTULO
Título Neuroscience :
Resto del título exploring the brain /
Mención de responsabilidad, etc. Mark F. Bear, Barry W. Connors, Michael A. Paradiso
260 ## - PUBLICACIÓN, DISTRIBUCIÓN, ETC.
Lugar de publicación, distribución, etc. Burlington, New York :
Nombre del editor, distribuidor, etc. Jones & Bartlett Learning,
Fecha de publicación, distribución, etc. 2016
300 ## - DESCRIPCIÓN FÍSICA
Extensión 975 páginas :
Otras características físicas ilustraciónes ;
Dimensiones 28 cm
520 ## - RESUMEN, ETC.
Sumario, etc. Neuroscience: Exploring the Brain is a university-level textbook that explains how the nervous system works from the ground up. It starts with neurons and electrical signaling, then builds up to sensory processing, movement control, learning, memory, and higher cognitive functions like language and decision-making. It also covers how brain systems relate to neurological and psychiatric disorders.
700 1# - ENTRADA AGREGADA--NOMBRE PERSONAL
Nombre de persona Connors, Barry W.
9 (RLIN) 48428
700 1# - ENTRADA AGREGADA--NOMBRE PERSONAL
Nombre de persona Paradiso, Michael A.
9 (RLIN) 48429
942 ## - ELEMENTOS DE ENTRADA SECUNDARIOS (KOHA)
Fuente del sistema de clasificación o colocación Clasificación de Library of Congress
Suprimir en OPAC No
Tipo de ítem Koha Libro
946 ## - PROCESAMIENTO DE INFORMACIÓN LOCAL (OCLC)
Iniciales del agente catalogador llh
Holdings
Estatus retirado Estado de pérdida Fuente del sistema de clasificación o colocación Estado de daño No para préstamo Colección Biblioteca de origen Biblioteca actual Ubicación en estantería Fecha de adquisición Signatura topográfica completa Código de barras Visto por última vez Copia número Tipo de ítem Koha
    Clasificación de Library of Congress     Automatización y Procesos Técnicos Biblioteca Juan Bosch Biblioteca Juan Bosch Automatización y Procesos Técnicos (1er. Piso) 13/05/2026 B368n 2016 00000200099 13/05/2026 1 Libro